Noticia de silencio
Tallennettuna:
| Päätekijä: | |
|---|---|
| Aineistotyyppi: | Kirja |
| Kieli: | Undetermined |
| Julkaistu: |
Heredia, Costa Rica
EUNA
1997
|
| Aiheet: | |
| Tagit: |
Lisää tagi
Ei tageja, Lisää ensimmäinen tagi!
|
MARC
| LEADER | 00000nam a2200000Ia 4500 | ||
|---|---|---|---|
| 008 | 170316s9999 xx 000 0 und d | ||
| 040 | |a cru BVZT | ||
| 090 | |a 868 P-8.1n | ||
| 100 | |a Pinto, Roxana | ||
| 245 | |a Noticia de silencio | ||
| 260 | |a Heredia, Costa Rica | ||
| 260 | |b EUNA | ||
| 260 | |c 1997 | ||
| 300 | |a 56 páginas | ||
| 650 | |a LITERATURA COSTARRICENSE | ||
| 650 | |a POESÍA | ||
| 999 | |c 11441 |d 11441 | ||
| 942 | |c 15 D |h 868 P-8.1n |2 z | ||
